|
|
|
|
| LEADER |
00624cam a2200169 7i4500 |
| 001 |
0000027209 |
| 005 |
20111221090000.0 |
| 022 |
0 |
0 |
|a 21804516
|
| 090 |
0 |
0 |
|a MAT 333.7932025
|b MAT
|
| 110 |
2 |
0 |
|a Malaysia External Trade Development Corporation (MATRADE)
|
| 245 |
2 |
0 |
|a Malaysia exporters of electrical and economics directory 2011-2013.
|
| 260 |
0 |
0 |
|a Kuala Lumpur:
|b MATRADE,
|c 2011.
|
| 300 |
# |
# |
|a 448p.
|
| 650 |
0 |
0 |
|a Electronic products --
|x Directories --
|z Malaysia
|
| 650 |
0 |
0 |
|a Electrical parts and accessories --
|x Directories --
|z Malaysia
|
| 999 |
|
|
|a 0000029620
|b Directories
|c MATRADEs Collection
|e Business Information Centre
|